000 00339nam a2200145Ia 4500
005 20251222141849.0
008 251222s9999||||xx |||||||||||||| ||spa||
020 _a958-9121-60-8
082 _a025.32/M86
100 _aMortimer, Mary
245 0 _aCatalogación descriptiva
250 _a2a.ed.
264 _bRojas Eberhard
942 _cLIB
999 _c7676
_d7676